International trade: Theory and empirical evidence (Record no. 30578)

MARC details
000 -LEADER
fixed length control field 00360nam a2200133Ia 4500
082 ## - DEWEY DECIMAL CLASSIFICATION NUMBER
Classification number 339.5
Item number HEL;1
100 ## - MAIN ENTRY--AUTHOR NAME
Personal name HELLER, Robert H
245 #0 - TITLE STATEMENT
Title International trade: Theory and empirical evidence
250 ## - EDITION STATEMENT
Edition statement Ed.2
260 ## - PUBLICATION, DISTRIBUTION, ETC. (IMPRINT)
Place of publication New Delhi
Name of publisher Prentice Hall
Year of publication 1979
650 ## - SUBJECT ADDED ENTRY--TOPICAL TERM
Topical Term International trade
942 ## - ADDED ENTRY ELEMENTS (KOHA)
Koha item type Books
Holdings
Withdrawn status Lost status Damaged status Not for loan Home library Current library Date acquired Full call number Accession Number Koha item type
        RRII Library RRII Library 16/12/2021 339.5 HEL;1 11149 Books